| 000 | 00379cam a2200145ua 4500 | ||
|---|---|---|---|
| 041 |
_aeng _h |
||
| 082 |
_a954 _bMUN/HI |
||
| 100 | _aMunshi, K.M . | ||
| 245 |
_aHistory and culture of the Indian people , vol 2 / _cK.M.Munshi. _hTextual Documents |
||
| 260 |
_aMumbai : _bBharatiya Vidya Bhavan , _c1960. |
||
| 300 | _a775 ; . | ||
| 504 | _a | ||
| 942 | _cBK | ||
| 999 |
_c694 _d694 |
||